000 00503nam a2200169 i 4500
001 62179
003 ES-MaACL
005 20230906164624.0
007 t|
008 031118s1971 sp ||||1| spa d
245 0 3 _aLa feria de los disparates continua /
_cJean Charles ; traducción del francés por Eloy Requena.
260 _aMadrid :
_bStudium,
_c[1971]
300 _a79 p. ;
_c19 cm.
700 1 _aCharles, Jean.
_938078
700 1 _aRequena, Eloy.
_996289
852 _aES-MaACL
_jC-44884
_bR.80286
999 _c62179
_d62179